[Event "37. Copenhagen Open (Politiken Cup)"]
[Site "Elsinore"]
[Date "2015.08.02"]
[Round "10"]
[White "Petersen, Peter Birk"]
[Black "Degerfeldt, Sven"]
[Result "0-1"]
[WhiteElo "2197"]
[BlackElo "1859"]
[PlyCount "84"]
[EventDate "2015.07.25"]
[EventType "swiss"]
[EventRounds "10"]
[EventCountry "DEN"]
[Source "ChessBase"]
[SourceDate "2015.09.14"]

1. e4 c5 2. Nf3 d6 3. d4 cxd4 4. Nxd4 Nf6 5. Nc3 a6 6. Bg5 e6 7. f4 Qc7 8. f5
Be7 9. Be2 O-O 10. Qd2 Nc6 11. O-O-O Nxd4 12. Qxd4 Qa5 13. Bd2 Qe5 14. Qxe5
dxe5 15. g4 Bb4 16. Bf3 exf5 17. gxf5 Bd7 18. Rhg1 Kh8 19. a3 Bc5 20. Rg2 Bc6
21. Nd5 Bxd5 22. exd5 Rad8 23. Bc3 Rfe8 24. b4 Be3+ 25. Kb1 Rc8 26. Bb2 e4 27.
Be2 b5 28. a4 Red8 29. axb5 axb5 30. Bxb5 Bh6 31. c4 e3 32. Kc2 Nxd5 33. Kb3
Nf4 34. Rgg1 e2 35. Ra1 Nd3 36. c5 Nxb2 37. Kxb2 Be3 38. Rge1 Bd4+ 39. Kc2 Bxa1
40. Rxa1 Rb8 41. Bxe2 Rxb4 42. Kc3 Rf4 0-1

[Event "37. Copenhagen Open (Politiken Cup)"]
[Site "Elsinore"]
[Date "2015.08.02"]
[Round "10"]
[White "Ragger, Markus"]
[Black "Maze, Sebastien"]
[Result "1/2-1/2"]
[WhiteElo "2688"]
[BlackElo "2575"]
[PlyCount "33"]
[EventDate "2015.07.25"]
[EventType "swiss"]
[EventRounds "10"]
[EventCountry "DEN"]
[Source "ChessBase"]
[SourceDate "2015.09.14"]

1. d4 Nf6 2. c4 e6 3. Nf3 d5 4. g3 dxc4 5. Bg2 c5 6. O-O Nc6 7. Qa4 Bd7 8. Qxc4
b5 9. Qd3 c4 10. Qd1 Rc8 11. b3 Be7 12. a4 Na5 13. bxc4 bxc4 14. Ne5 Nd5 15. e4
Nb4 16. Nc3 Nb3 17. Rb1 1/2-1/2

[Event "37. Copenhagen Open (Politiken Cup)"]
[Site "Elsinore"]
[Date "2015.08.02"]
[Round "10"]
[White "Rakhmanov, Alexander"]
[Black "Kristiansen, Jens"]
[Result "1-0"]
[WhiteElo "2626"]
[BlackElo "2423"]
[PlyCount "109"]
[EventDate "2015.07.25"]
[EventType "swiss"]
[EventRounds "10"]
[EventCountry "DEN"]
[Source "ChessBase"]
[SourceDate "2015.09.14"]

1. b3 e5 2. Bb2 Nc6 3. e3 d5 4. Bb5 Bd6 5. Nf3 Qe7 6. c4 Nf6 7. c5 Bxc5 8. Nxe5
O-O 9. Bxc6 bxc6 10. d3 Bd6 11. Nxc6 Qe8 12. Qc2 Ng4 13. h3 Nh6 14. Nd2 Bd7 15.
Nd4 f6 16. a4 Nf7 17. Ba3 Bxa3 18. Rxa3 c5 19. Ne2 Rc8 20. Ra1 Ne5 21. O-O Be6
22. f4 Nf7 23. Rae1 Nd6 24. e4 Qc6 25. Kh2 Qb6 26. Nc3 dxe4 27. dxe4 c4 28.
bxc4 Nxc4 29. Nxc4 Rxc4 30. Rf3 Rfc8 31. Ree3 a5 32. Qd2 Rd8 33. Rd3 Rdd4 34.
Nb5 Rxd3 35. Rxd3 h6 36. Rd8+ Kh7 37. Rd6 Rc6 38. e5 Rxd6 39. exd6 Qc6 40. Qxa5
Qe4 41. Qd2 Qxa4 42. Nd4 Bd7 43. Qc2+ Qxc2 44. Nxc2 Kg6 45. Nd4 f5 46. Nb3 Kf6
47. Nc5 Bc6 48. h4 Bb5 49. g3 Bc6 50. Kg1 g5 51. d7 Ke7 52. fxg5 hxg5 53. h5
Bd5 54. h6 Bg8 55. Kf2 1-0

[Event "37. Copenhagen Open (Politiken Cup)"]
[Site "Elsinore"]
[Date "2015.08.02"]
[Round "10"]
[White "Rasmussen, Allan Stig"]
[Black "Solberg, Joachim"]
[Result "1-0"]
[WhiteElo "2502"]
[BlackElo "2270"]
[PlyCount "59"]
[EventDate "2015.07.25"]
[EventType "swiss"]
[EventRounds "10"]
[EventCountry "DEN"]
[Source "ChessBase"]
[SourceDate "2015.09.14"]

1. d4 d5 2. c4 c6 3. Nf3 Nf6 4. Nc3 e6 5. e3 Nbd7 6. Bd3 Bd6 7. O-O O-O 8. e4
dxe4 9. Nxe4 Nxe4 10. Bxe4 Nf6 11. Bc2 h6 12. Be3 Qc7 13. c5 Bf4 14. g3 Bxe3
15. fxe3 Nd5 16. Qd3 f5 17. Bb3 b6 18. Rac1 a5 19. Bxd5 exd5 20. cxb6 Qxb6 21.
Rf2 f4 22. exf4 Bf5 23. Qc3 Rf6 24. Ne5 Re8 25. Qc5 Qa6 26. g4 Bxg4 27. Nxg4
Rg6 28. Rg2 Re2 29. Rg3 Qc8 30. Qxd5+ 1-0

[Event "37. Copenhagen Open (Politiken Cup)"]
[Site "Elsinore"]
[Date "2015.08.02"]
[Round "10"]
[White "Risting, Eivind Olav"]
[Black "Smirin, Ilia"]
[Result "1/2-1/2"]
[WhiteElo "2190"]
[BlackElo "2663"]
[PlyCount "165"]
[EventDate "2015.07.25"]
[EventType "swiss"]
[EventRounds "10"]
[EventCountry "DEN"]
[Source "ChessBase"]
[SourceDate "2015.09.14"]

1. d4 Nf6 2. Bg5 Ne4 3. Bf4 c5 4. f3 Nf6 5. dxc5 Nc6 6. e4 Qa5+ 7. Qd2 Qxc5 8.
Nc3 d6 9. Be3 Qa5 10. O-O-O Bd7 11. g4 h6 12. Nge2 g6 13. Kb1 Bg7 14. Nd4 Rc8
15. h4 Ne5 16. Rg1 h5 17. gxh5 Nxh5 18. f4 Ng4 19. Be2 Nhf6 20. Nb3 Qc7 21. Bd4
Rxh4 22. Rdf1 Rh2 23. Qd3 Bh6 24. f5 gxf5 25. exf5 Ne5 26. Bxe5 dxe5 27. Rh1 e4
28. Nxe4 Nxe4 29. Rxh2 Qxh2 30. Qxe4 Bc6 31. Qg4 Qe5 32. Bc4 Qf6 33. Nd4 Ba4
34. Bd3 Bd7 35. Qg8+ Bf8 36. Qg4 Qe5 37. c3 a6 38. Qf3 b5 39. a3 Bg7 40. Qf2
Kd8 41. Rg1 Bf6 42. Rg8+ Kc7 43. Nf3 Qd5 44. Qa7+ Qb7 45. Rxc8+ Bxc8 46. Qc5+
Qc6 47. Qxc6+ Kxc6 48. Be4+ Kc5 49. Kc2 e6 50. fxe6 Bxe6 51. Nd2 Bg5 52. b4+
Kd6 53. Bb7 Kc7 54. Bf3 f5 55. Nb3 Bc8 56. Nc5 Be7 57. Nb3 Kd6 58. Kd3 Ke5 59.
Nd4 Kf4 60. Bd5 Bf6 61. c4 bxc4+ 62. Kxc4 Ke3 63. Be6 Bxe6+ 64. Nxe6 Be7 65.
Nd4 f4 66. Nf5+ Ke4 67. Nd4 Bf6 68. Ne2 f3 69. Ng3+ Ke3 70. Nf1+ Ke2 71. Ng3+
Ke1 72. Ne4 Bd8 73. Kd3 Bb6 74. a4 Ba7 75. a5 Kd1 76. Kc4 Ke2 77. Ng3+ Ke3 78.
Nf1+ Kf4 79. b5 axb5+ 80. Kxb5 f2 81. Kc6 Kf3 82. Kb7 Kg2 83. Kxa7 1/2-1/2

[Event "37. Copenhagen Open (Politiken Cup)"]
[Site "Elsinore"]
[Date "2015.08.02"]
[Round "10"]
[White "Roe, Simon J"]
[Black "Holm, Kristian Stuvik"]
[Result "1/2-1/2"]
[WhiteElo "2240"]
[BlackElo "2398"]
[PlyCount "20"]
[EventDate "2015.07.25"]
[EventType "swiss"]
[EventRounds "10"]
[EventCountry "DEN"]
[Source "ChessBase"]
[SourceDate "2015.09.14"]

1. Nf3 Nf6 2. g3 d5 3. Bg2 g6 4. c4 c6 5. cxd5 cxd5 6. d4 Bg7 7. O-O O-O 8. Ne5
Ng4 9. Nxg4 Bxg4 10. h3 Be6 1/2-1/2

[Event "37. Copenhagen Open (Politiken Cup)"]
[Site "Elsinore"]
[Date "2015.08.02"]
[Round "10"]
[White "Royset, Pal"]
[Black "Alquist, Erik"]
[Result "1/2-1/2"]
[WhiteElo "2236"]
[BlackElo "2061"]
[PlyCount "86"]
[EventDate "2015.07.25"]
[EventType "swiss"]
[EventRounds "10"]
[EventCountry "DEN"]
[Source "ChessBase"]
[SourceDate "2015.09.14"]

1. e4 c5 2. c3 d5 3. exd5 Nf6 4. Bb5+ Nbd7 5. c4 a6 6. Bxd7+ Qxd7 7. Nc3 e6 8.
Qe2 Be7 9. dxe6 Qxe6 10. b3 O-O 11. Qxe6 Bxe6 12. Nge2 b5 13. Nf4 Bf5 14. O-O
Bd6 15. Nfd5 Nxd5 16. Nxd5 bxc4 17. bxc4 Bd3 18. Re1 Bxc4 19. Nb6 Rae8 20. Ba3
Rxe1+ 21. Rxe1 Bxa2 22. d4 Be6 23. Bxc5 Rd8 24. Ra1 Bf5 25. f3 Bd3 26. g3 f6
27. Kf2 Kf7 28. Ra3 Bb5 29. Ra2 h5 30. Kg2 Bc7 31. Kf2 g5 32. Ra1 h4 33. Re1
hxg3+ 34. hxg3 Bd6 35. Rc1 Bb8 36. Nc4 Bc6 37. Ne3 Bb5 38. Nf5 Re8 39. Nd6+
Bxd6 40. Bxd6 Re2+ 41. Kg1 Ke6 42. Bc7 Re3 43. Kf2 Re2+ 1/2-1/2

[Event "37. Copenhagen Open (Politiken Cup)"]
[Site "Elsinore"]
[Date "2015.08.02"]
[Round "10"]
[White "Rydstrom, Tom"]
[Black "Grigoriants, Sergey"]
[Result "0-1"]
[WhiteElo "2346"]
[BlackElo "2594"]
[PlyCount "96"]
[EventDate "2015.07.25"]
[EventType "swiss"]
[EventRounds "10"]
[EventCountry "DEN"]
[Source "ChessBase"]
[SourceDate "2015.09.14"]

1. e4 c6 2. Nc3 d5 3. Nf3 Bg4 4. h3 Bxf3 5. Qxf3 Nf6 6. g3 e6 7. Bg2 Bb4 8. O-O
Nbd7 9. Re1 Ne5 10. Qf4 Ng6 11. Qf3 O-O 12. e5 Nd7 13. d4 c5 14. Be3 Qa5 15. h4
Bxc3 16. bxc3 Qxc3 17. Qg4 Ne7 18. Rab1 Nf5 19. Bxd5 cxd4 20. Bf4 Nc5 21. Bg2
Rac8 22. Re2 b6 23. h5 h6 24. Rd1 Rfd8 25. Red2 Kf8 26. Qe2 Qb4 27. Bh3 Ne7 28.
Qf3 Qa4 29. c3 d3 30. Be3 Qe4 31. Qxe4 Nxe4 32. Rxd3 Rxd3 33. Rxd3 Nxc3 34. Rd7
Ned5 35. Bd2 Ne4 36. Bf4 Rc7 37. Rd8+ Ke7 38. Rg8 Nxf4 39. gxf4 Rc3 40. Bg4 Rc2
41. f3 Ng3 42. Rb8 Ne2+ 43. Kf1 Nxf4 44. Rb7+ Ke8 45. Rxa7 Rc1+ 46. Kf2 Nd3+
47. Ke3 Nxe5 48. Ke4 Nd7 0-1

[Event "37. Copenhagen Open (Politiken Cup)"]
[Site "Elsinore"]
[Date "2015.08.02"]
[Round "10"]
[White "Schmidt, Kristen"]
[Black "Bjerre, Jonas Buhl"]
[Result "0-1"]
[WhiteElo "2254"]
[BlackElo "2083"]
[PlyCount "38"]
[EventDate "2015.07.25"]
[EventType "swiss"]
[EventRounds "10"]
[EventCountry "DEN"]
[Source "ChessBase"]
[SourceDate "2015.09.14"]

1. e4 c5 2. Nf3 e6 3. c3 Nf6 4. e5 Nd5 5. d4 cxd4 6. cxd4 d6 7. a3 Bd7 8. Bd3
Bc6 9. O-O Nd7 10. Re1 Rc8 11. Nbd2 dxe5 12. Nxe5 Nxe5 13. dxe5 Nc3 14. bxc3
Qxd3 15. Qg4 Qxc3 16. Rb1 Rd8 17. Rd1 Qxe5 18. Bb2 h5 19. Qh3 Qe2 0-1

[Event "37. Copenhagen Open (Politiken Cup)"]
[Site "Elsinore"]
[Date "2015.08.02"]
[Round "10"]
[White "Schou Moldt, Thomas"]
[Black "Skjoldager, Mikael"]
[Result "1-0"]
[WhiteElo "2205"]
[BlackElo "2056"]
[PlyCount "109"]
[EventDate "2015.07.25"]
[EventType "swiss"]
[EventRounds "10"]
[EventCountry "DEN"]
[Source "ChessBase"]
[SourceDate "2015.09.14"]

1. d4 Nf6 2. c4 g6 3. Nc3 d5 4. cxd5 Nxd5 5. Bd2 Nb6 6. e3 Bg7 7. f4 c6 8. Nf3
O-O 9. Qc2 Na6 10. Ne4 Bf5 11. Bd3 Rc8 12. b4 c5 13. Nxc5 Bxd3 14. Qxd3 Nxc5
15. bxc5 Rxc5 16. Ke2 Rc8 17. Rhb1 Qd7 18. Qb5 Qg4 19. Kf2 Bf6 20. Rc1 Rxc1 21.
Rxc1 Qe6 22. Qb3 Qxb3 23. axb3 Rc8 24. Ra1 a6 25. Ke2 e6 26. Kd3 Kf8 27. g4 Ke8
28. h4 h5 29. gxh5 gxh5 30. Ra5 Nd5 31. e4 Bd8 32. Rc5 Rxc5 33. dxc5 Ne7 34.
Be1 Ng6 35. f5 Nf4+ 36. Kd4 exf5 37. exf5 Bf6+ 38. Ke4 Ne2 39. Kd3 Nf4+ 40. Ke4
Ne2 41. Ke3 Nc3 42. Kd3 Nb5 43. Kc4 Kd7 44. Bg3 Na3+ 45. Kd5 Nc2 46. Ng5 Ke8
47. Bf2 Nb4+ 48. Kc4 Nc6 49. Ne4 Ne5+ 50. Kd5 Bh8 51. Bd4 f6 52. Bxe5 fxe5 53.
Ke6 Bg7 54. Nd6+ Kf8 55. Nxb7 1-0

[Event "37. Copenhagen Open (Politiken Cup)"]
[Site "Elsinore"]
[Date "2015.08.02"]
[Round "10"]
[White "Schroeder, Jan Christian"]
[Black "Kramer, Julian"]
[Result "1-0"]
[WhiteElo "2461"]
[BlackElo "2312"]
[PlyCount "95"]
[EventDate "2015.07.25"]
[EventType "swiss"]
[EventRounds "10"]
[EventCountry "DEN"]
[Source "ChessBase"]
[SourceDate "2015.09.14"]

1. e4 c5 2. Nf3 d6 3. d4 cxd4 4. Nxd4 Nf6 5. Nc3 a6 6. Be2 e5 7. Nb3 Be7 8. O-O
O-O 9. Re1 Be6 10. Bf3 Qc7 11. a4 Rc8 12. Be3 Nbd7 13. a5 b5 14. axb6 Nxb6 15.
Na5 Nc4 16. Nxc4 Bxc4 17. Ra4 Qb7 18. Qa1 Bd8 19. Bg5 Rc6 20. Be2 Be6 21. Bd3
Rb8 22. b3 a5 23. Bxf6 gxf6 24. Nd5 f5 25. Qd1 fxe4 26. Bxe4 f5 27. Nf4 Bf7 28.
Bxc6 Qxc6 29. Ne2 f4 30. c4 Qb6 31. Nc1 Bg6 32. Qd5+ Bf7 33. Qf3 Kh8 34. Ra2
Bc7 35. Rd2 Rg8 36. Ne2 Rb8 37. Nc1 Be8 38. Qd5 Qb4 39. Red1 Bh5 40. f3 Rg8 41.
Kh1 Be8 42. Qe6 a4 43. bxa4 Bxa4 44. Nd3 Qc3 45. Qf6+ Rg7 46. Nxf4 Bxd1 47.
Qf8+ Rg8 48. Ng6+ 1-0

[Event "37. Copenhagen Open (Politiken Cup)"]
[Site "Elsinore"]
[Date "2015.08.02"]
[Round "10"]
[White "Smith, Axel"]
[Black "Marin, Mihail"]
[Result "0-1"]
[WhiteElo "2449"]
[BlackElo "2579"]
[PlyCount "202"]
[EventDate "2015.07.25"]
[EventType "swiss"]
[EventRounds "10"]
[EventCountry "DEN"]
[Source "ChessBase"]
[SourceDate "2015.09.14"]

1. c4 e6 2. Nc3 d5 3. d4 Nf6 4. cxd5 exd5 5. Bg5 Nbd7 6. e3 h6 7. Bf4 c6 8. Bd3
Nb6 9. h3 Bd6 10. Nge2 O-O 11. O-O Re8 12. Qc2 Bxf4 13. Nxf4 Qd6 14. Rab1 Bd7
15. Rfd1 Rac8 16. Nfe2 h5 17. Ng3 h4 18. Nf5 Bxf5 19. Bxf5 Rc7 20. Bd3 g6 21.
b4 a6 22. a4 Kg7 23. Rdc1 Rec8 24. Ne2 Nbd7 25. Rb3 Nf8 26. Qb1 Ne6 27. Rbc3
Nd7 28. b5 cxb5 29. axb5 a5 30. Rxc7 Rxc7 31. Rxc7 Nxc7 32. Nc3 Nb6 33. Qc2 Qb4
34. Kf1 Ne8 35. f4 Nd6 36. f5 gxf5 37. Bxf5 Nxb5 38. Nxb5 Qxb5+ 39. Kg1 Qc6 40.
Qd1 Kf8 41. Qe1 Qh6 42. Qxa5 Qxe3+ 43. Kh1 Qc1+ 44. Kh2 Qf4+ 45. Kh1 Qf1+ 46.
Kh2 Qf4+ 47. Kh1 Qxd4 48. Qa7 Qf6 49. Qxb7 Qa1+ 50. Kh2 Qe5+ 51. Kh1 Qa1+ 52.
Kh2 Qe5+ 53. Kh1 Nc4 54. Qb1 Ne3 55. Bg4 Qg3 56. Bf3 Kg8 57. Qc1 d4 58. Kg1 Kg7
59. Qd2 Kh6 60. Qa5 f6 61. Qb4 Kg5 62. Qa5+ Qe5 63. Qd8 Nf5 64. Qg8+ Kf4 65.
Qc4 Qe1+ 66. Kh2 Qg3+ 67. Kg1 Qe1+ 68. Kh2 Qc3 69. Qe6 Qc7 70. Qxf6 d3 71. Bg4
Qe5 72. Qd8 Ke3+ 73. Kg1 Qa1+ 74. Kh2 Qe5+ 75. Kg1 Ng3 76. Qa8 Ne2+ 77. Bxe2
Kxe2 78. Qa2+ d2 79. Qc4+ Kd1 80. Qa4+ Kc1 81. Qc4+ Kb2 82. Qb4+ Kc2 83. Qa4+
Kd3 84. Qa6+ Ke3 85. Qa3+ Ke4 86. Qf3+ Kd4 87. Qg4+ Kd3 88. Qg6+ Qe4 89. Qa6+
Qc4 90. Qg6+ Kc3 91. Qb1 Qd4+ 92. Kh2 Qd6+ 93. g3 Qxg3+ 94. Kh1 Qe1+ 95. Qxe1
dxe1=Q+ 96. Kg2 Qe2+ 97. Kh1 Kd4 98. Kg1 Ke5 99. Kh1 Kf4 100. Kg1 Kg3 101. Kh1
Qd1# 0-1

[Event "37. Copenhagen Open (Politiken Cup)"]
[Site "Elsinore"]
[Date "2015.08.02"]
[Round "10"]
[White "Stojanovski, Sandi"]
[Black "Aagaard, Jacob"]
[Result "0-1"]
[WhiteElo "2192"]
[BlackElo "2506"]
[PlyCount "106"]
[EventDate "2015.07.25"]
[EventType "swiss"]
[EventRounds "10"]
[EventCountry "DEN"]
[Source "ChessBase"]
[SourceDate "2015.09.14"]

1. d4 Nf6 2. c4 e6 3. Nc3 Bb4 4. e3 d5 5. Nf3 O-O 6. Bd3 c5 7. O-O cxd4 8. exd4
dxc4 9. Bxc4 Nbd7 10. Bg5 Bxc3 11. bxc3 Qc7 12. Qd3 b6 13. Rfe1 Bb7 14. Ba6
Bxa6 15. Qxa6 Rfc8 16. Rac1 Qc4 17. Qxc4 Rxc4 18. Bxf6 Nxf6 19. Nd2 Ra4 20. Rc2
Nd5 21. Kf1 Rc8 22. Rec1 Nf4 23. c4 Nd3 24. Rb1 Nb4 25. Rcb2 Nc6 26. c5 Nxd4
27. cxb6 axb6 28. Nf3 Nf5 29. Rxb6 Rxa2 30. Rb8 Ra8 31. Rxc8+ Rxc8 32. g3 f6
33. Rb2 Kf7 34. h4 h5 35. Kg2 e5 36. Nd2 Rc1 37. Nf3 Nd6 38. Nd2 Ke6 39. Ra2
Kf5 40. Nf1 Nb5 41. Rb2 Nd4 42. Nd2 Nc2 43. Nb3 Ne1+ 44. Kf1 Nd3+ 45. Nxc1 Nxb2
46. f3 Ke6 47. Na2 Kd5 48. Nb4+ Kd4 49. Ke2 Nc4 50. Nc6+ Kd5 51. Nb4+ Ke6 52.
Kd3 Nd6 53. Nc2 Nf5 0-1

[Event "37. Copenhagen Open (Politiken Cup)"]
[Site "Elsinore"]
[Date "2015.08.02"]
[Round "10"]
[White "Tan, Justin2"]
[Black "Bach, Matthias"]
[Result "1-0"]
[WhiteElo "2417"]
[BlackElo "2236"]
[PlyCount "133"]
[EventDate "2015.07.25"]
[EventType "swiss"]
[EventRounds "10"]
[EventCountry "DEN"]
[Source "ChessBase"]
[SourceDate "2015.09.14"]

1. e4 c5 2. Nf3 Nf6 3. e5 Nd5 4. Nc3 e6 5. Nxd5 exd5 6. d4 Nc6 7. dxc5 Bxc5 8.
Qxd5 Qb6 9. Bc4 Bxf2+ 10. Ke2 O-O 11. Rf1 Bc5 12. Ng5 Nxe5 13. Nxf7 Nxf7 14.
Rxf7 Qe6+ 15. Qxe6 dxe6 16. Rxf8+ Kxf8 17. Bf4 Bd7 18. Rf1 Ke7 19. Bg5+ Ke8 20.
Bd3 g6 21. Rf4 Be7 22. Bxe7 Kxe7 23. Rh4 Bc6 24. Rxh7+ Kf6 25. g3 e5 26. Ke3 e4
27. Be2 g5 28. Bh5 Rf8 29. b4 Bd5 30. Rh6+ Ke7 31. Rg6 Rc8 32. Rxg5 Kd6 33. Bd1
Rc4 34. h4 Rxb4 35. h5 Rb1 36. Be2 Re1 37. Kd2 Rh1 38. g4 Bxa2 39. Ra5 Be6 40.
Rxa7 Ke5 41. Rxb7 Rh2 42. Ke3 Rh3+ 43. Kf2 Rh2+ 44. Ke3 Rh3+ 45. Kd2 Rh2 46.
Re7 Kf6 47. Rxe6+ Kxe6 48. g5 Ke5 49. g6 Rg2 50. Ke3 Rg3+ 51. Kf2 Rg5 52. Bc4
Kf6 53. Be2 Ke5 54. c3 Kf4 55. Bc4 Ke5 56. Bf7 Kf4 57. Bc4 e3+ 58. Ke2 Rg2+ 59.
Kf1 Rg5 60. Bb3 Kf3 61. Bd1+ Kf4 62. c4 Ke4 63. h6 Kd3 64. h7 Kd2 65. h8=Q Rf5+
66. Kg2 Kxd1 67. Qd4+ 1-0

[Event "37. Copenhagen Open (Politiken Cup)"]
[Site "Elsinore"]
[Date "2015.08.02"]
[Round "10"]
[White "Tandrup, Michael"]
[Black "Ask, Josef"]
[Result "0-1"]
[WhiteElo "1960"]
[BlackElo "2170"]
[PlyCount "54"]
[EventDate "2015.07.25"]
[EventType "swiss"]
[EventRounds "10"]
[EventCountry "DEN"]
[Source "ChessBase"]
[SourceDate "2015.09.14"]

1. Nf3 Nf6 2. g3 g6 3. Bg2 Bg7 4. O-O O-O 5. c4 d6 6. Nc3 e5 7. d4 Nbd7 8. dxe5
dxe5 9. Qc2 c6 10. b3 Re8 11. e4 Nc5 12. Bb2 Nfd7 13. Rad1 Qb6 14. Bc1 a5 15.
Bh3 Qc7 16. Be3 Bf8 17. Rd2 Nf6 18. Bxc8 Qxc8 19. Bxc5 Bxc5 20. Na4 Ba7 21. Rd6
Nh5 22. c5 Qg4 23. Nh4 Nf4 24. f3 Qg5 25. Ng2 Ne6 26. f4 exf4 27. Nxf4 Nxc5 0-1

[Event "37. Copenhagen Open (Politiken Cup)"]
[Site "Elsinore"]
[Date "2015.08.02"]
[Round "10"]
[White "Thogersen, Rasmus"]
[Black "Schmitt, Carsten1"]
[Result "1-0"]
[WhiteElo "2192"]
[BlackElo "1988"]
[PlyCount "71"]
[EventDate "2015.07.25"]
[EventType "swiss"]
[EventRounds "10"]
[EventCountry "DEN"]
[Source "ChessBase"]
[SourceDate "2015.09.14"]

1. d4 e6 2. c4 d5 3. Nc3 c5 4. cxd5 exd5 5. Nf3 Nc6 6. g3 Nf6 7. Bg2 Be7 8. O-O
O-O 9. dxc5 Bxc5 10. a3 Ne4 11. Na4 Be7 12. Be3 Bg4 13. Nd4 Nxd4 14. Bxd4 Be6
15. Rc1 b6 16. Nc3 Nxc3 17. Rxc3 Qd7 18. Qd2 Rac8 19. Rd1 Rxc3 20. Bxc3 Rd8 21.
Qf4 Qc8 22. e3 Qa8 23. h4 Qc8 24. Bf3 f6 25. Bb4 Bxb4 26. Qxb4 Qc5 27. Qa4 Qc8
28. Qxa7 Bg4 29. Bxg4 Qxg4 30. Rxd5 Rc8 31. Qb7 h5 32. Rd4 Rc1+ 33. Kg2 Qe2 34.
Rd8+ Kh7 35. Qe4+ g6 36. Qe7+ 1-0

[Event "37. Copenhagen Open (Politiken Cup)"]
[Site "Elsinore"]
[Date "2015.08.02"]
[Round "10"]
[White "Thorsbro, Peter"]
[Black "Haubro, Martin"]
[Result "1-0"]
[WhiteElo "2216"]
[BlackElo "2382"]
[PlyCount "91"]
[EventDate "2015.07.25"]
[EventType "swiss"]
[EventRounds "10"]
[EventCountry "DEN"]
[Source "ChessBase"]
[SourceDate "2015.09.14"]

1. d4 Nf6 2. c4 c5 3. d5 e6 4. Nc3 exd5 5. cxd5 d6 6. e4 g6 7. Nge2 Bg7 8. Ng3
h5 9. Be2 O-O 10. Bg5 Qb6 11. Qd2 Nh7 12. Bh4 Nd7 13. O-O a6 14. f4 Re8 15. Kh1
Qb4 16. a3 Qd4 17. Qc2 c4 18. Rad1 Qc5 19. e5 dxe5 20. Nce4 Qb6 21. f5 c3 22.
bxc3 Ndf8 23. c4 Bd7 24. c5 Qa5 25. Nd6 Reb8 26. Nxf7 Ba4 27. Qa2 Qc3 28. fxg6
Nxg6 29. Rc1 Qb3 30. Qd2 Rf8 31. Rf3 Qxf3 32. Bxf3 Nxh4 33. Nh6+ Kh8 34. Bxh5
Rf4 35. Nf7+ Kg8 36. Nd6 Raf8 37. Nde4 Bh6 38. Qb2 Bb5 39. Qxe5 Rxe4 40. Qxe4
Bxc1 41. Qxh4 Bxa3 42. Bg6 Nf6 43. Nf5 Bd7 44. Qg5 Bxf5 45. Bxf5+ Kh8 46. Qh6+
1-0

[Event "37. Copenhagen Open (Politiken Cup)"]
[Site "Elsinore"]
[Date "2015.08.02"]
[Round "10"]
[White "Thuesen, Mogens Henrik"]
[Black "Papp, Petra"]
[Result "1-0"]
[WhiteElo "2158"]
[BlackElo "2300"]
[PlyCount "83"]
[EventDate "2015.07.25"]
[EventType "swiss"]
[EventRounds "10"]
[EventCountry "DEN"]
[Source "ChessBase"]
[SourceDate "2015.09.14"]

1. d4 Nf6 2. Bg5 d5 3. Bxf6 exf6 4. e3 Bd6 5. c4 dxc4 6. Bxc4 O-O 7. Ne2 f5 8.
O-O Nd7 9. Nbc3 Nf6 10. g3 c6 11. Qc2 Qe7 12. Rfe1 Re8 13. a3 g6 14. b4 a6 15.
Rab1 h5 16. d5 b5 17. Bb3 c5 18. bxc5 Bxc5 19. Nf4 Kg7 20. a4 b4 21. Nce2 Bb7
22. Qb2 Bd6 23. Nd4 Bxf4 24. gxf4 Rad8 25. Red1 Kh7 26. Nc6 Bxc6 27. dxc6 Ne4
28. Rxd8 Rxd8 29. Rd1 Nc3 30. Rxd8 Qxd8 31. Bc2 Qh4 32. Qxc3 bxc3 33. c7 Qg4+
34. Kf1 Qh3+ 35. Ke1 Qxh2 36. c8=Q h4 37. Qb7 Qg1+ 38. Ke2 h3 39. Qxf7+ Kh6 40.
Qf8+ Kh5 41. Bxf5 gxf5 42. Qh8+ 1-0

[Event "37. Copenhagen Open (Politiken Cup)"]
[Site "Elsinore"]
[Date "2015.08.02"]
[Round "10"]
[White "Thybo, Jesper Sondergaard"]
[Black "Sjodahl, Pontus"]
[Result "0-1"]
[WhiteElo "2255"]
[BlackElo "2425"]
[PlyCount "84"]
[EventDate "2015.07.25"]
[EventType "swiss"]
[EventRounds "10"]
[EventCountry "DEN"]
[Source "ChessBase"]
[SourceDate "2015.09.14"]

1. e4 e6 2. d4 d5 3. e5 c5 4. c3 Qb6 5. Nf3 Bd7 6. a3 Nc6 7. b4 cxd4 8. cxd4
Rc8 9. Be2 Nge7 10. Bb2 Na5 11. Nbd2 Nc4 12. Bxc4 dxc4 13. Rc1 Qa6 14. Ne4 Nd5
15. O-O Be7 16. Qe2 Bb5 17. Nc3 Bc6 18. Ne1 h5 19. Nxd5 Bxd5 20. Nc2 Qc6 21.
Ne3 b5 22. Bc3 Be4 23. Rfd1 Bd3 24. Rxd3 cxd3 25. Qxd3 a6 26. d5 exd5 27. Nxd5
Qc4 28. Qh3 Rh6 29. Re1 Re6 30. Qf3 Bg5 31. h3 g6 32. Rd1 Rd8 33. Rd4 Qc6 34.
Qe4 f5 35. Qf3 Rxe5 36. Nf6+ Qxf6 37. Rxd8+ Kxd8 38. h4 Bxh4 39. Qf4 Bg5 40.
Bxe5 Bxf4 41. Bxf6+ Kd7 42. Bb2 Ke6 0-1

[Event "37. Copenhagen Open (Politiken Cup)"]
[Site "Elsinore"]
[Date "2015.08.02"]
[Round "10"]
[White "Timman, Jan H"]
[Black "Naroditsky, Daniel"]
[Result "1/2-1/2"]
[WhiteElo "2566"]
[BlackElo "2622"]
[PlyCount "26"]
[EventDate "2015.07.25"]
[EventType "swiss"]
[EventRounds "10"]
[EventCountry "DEN"]
[Source "ChessBase"]
[SourceDate "2015.09.14"]

1. d4 Nf6 2. c4 e6 3. Nf3 d5 4. Nc3 Bb4 5. cxd5 exd5 6. Bg5 h6 7. Bxf6 Qxf6 8.
Qa4+ Nc6 9. e3 O-O 10. Rc1 Qg6 11. Qb3 Rd8 12. a3 Bf8 13. g3 Ne7 1/2-1/2

[Event "37. Copenhagen Open (Politiken Cup)"]
[Site "Elsinore"]
[Date "2015.08.02"]
[Round "10"]
[White "Verstraeten, Reinaert"]
[Black "Ramsdal, Jens Albert"]
[Result "1-0"]
[WhiteElo "2312"]
[BlackElo "2169"]
[PlyCount "77"]
[EventDate "2015.07.25"]
[EventType "swiss"]
[EventRounds "10"]
[EventCountry "DEN"]
[Source "ChessBase"]
[SourceDate "2015.09.14"]

1. d4 Nf6 2. Nf3 b6 3. g3 Bb7 4. Bg2 e6 5. c4 Bb4+ 6. Bd2 Qe7 7. O-O O-O 8. Nc3
Ne4 9. Rc1 Nxd2 10. Qxd2 d6 11. a3 Bxc3 12. Qxc3 Nd7 13. b4 c5 14. Rfd1 Rac8
15. Qd3 Rfd8 16. e4 e5 17. d5 cxb4 18. axb4 a5 19. Bh3 axb4 20. Bxd7 Rxd7 21.
Rb1 Ba6 22. Rxb4 Rdc7 23. Nd2 Rc5 24. Ra1 Ra5 25. Rxa5 bxa5 26. Rb6 Bb7 27. Qb3
Rc7 28. c5 Bc8 29. c6 f5 30. Rb8 f4 31. Qa3 fxg3 32. hxg3 h5 33. Nc4 Kh7 34.
Qxd6 Qg5 35. Qxc7 Qc1+ 36. Kh2 Qe1 37. Qf7 Bg4 38. Nxe5 Qxe4 39. Nxg4 1-0

[Event "37. Copenhagen Open (Politiken Cup)"]
[Site "Elsinore"]
[Date "2015.08.02"]
[Round "10"]
[White "Vesterli, Michael E"]
[Black "Hinrichs, Lars"]
[Result "1-0"]
[WhiteElo "2067"]
[BlackElo "2205"]
[PlyCount "27"]
[EventDate "2015.07.25"]
[EventType "swiss"]
[EventRounds "10"]
[EventCountry "DEN"]
[Source "ChessBase"]
[SourceDate "2015.09.14"]

1. d4 Nf6 2. c4 e6 3. Nf3 b6 4. g3 Bb7 5. Bg2 Bb4+ 6. Bd2 Qe7 7. O-O Bxd2 8.
Qxd2 O-O 9. Nc3 d6 10. Rfe1 Ne4 11. Qd3 Nxc3 12. Ng5 Ne4 13. Bxe4 d5 14. Bxd5
1-0